G93-成渝地区环线高速公路途径行政区 - Statistics

General Stats
  • This quiz has been taken 10 times
  • The average score is 9 of 13
Answer Stats
序号 行政区 备注 % Correct
1 成都 里程零点
100%
2 德阳
80%
3 绵阳
80%
5 重庆
80%
4 遂宁
70%
6 泸州
70%
7 宜宾
70%
8 乐山
70%
9 眉山 洪雅段
70%
10 雅安
70%
13 成都 返回里程零点
70%
11 成都 蒲江段
60%
12 眉山 青龙场枢纽
50%
No matching quizzes found
Score Distribution
Percent of People with Each Score
Percentile by Number Answered
Your Score History
You have not taken this quiz